Advanced Ultrasound in Diagnosis and Therapy | Editorial Office of Advanced Ultrasound in Diagnosis and Therapy

Λεπτομέρειες βιβλιογραφικής εγγραφής
Μορφή: Ηλεκτρονική πηγή Επιστημονικό περιοδικό
Γλώσσα:English
Έκδοση: Cambridge University Press
Διαθέσιμο Online:Full text available on Research4Life (HINARI,AGORA,OARE,ARDI & GOALI)
LEADER 00796cas a2200181 a 4500
001 AALejournalResearch4Life014395
008 240902c9999 xx r poo 0 0eng d
022 |a 25762508 
022 |a 25762516 
040 |a BD-DhAAL  |c BD-DhAAL 
245 0 0 |h [electronic resource]  |a Advanced Ultrasound in Diagnosis and Therapy | Editorial Office of Advanced Ultrasound in Diagnosis and Therapy 
260 |b Cambridge University Press 
300 |a 1 online resource 
362 0 |a 2017 - current issue 
500 |a <strong>On-Campus Access Only (IP based access)</strong> 
506 |a Electronic access restricted to authorized BRAC University faculty, staff and students 
538 |a Mode of access: Internet 
856 4 0 |z Full text available on Research4Life (HINARI,AGORA,OARE,ARDI & GOALI)  |u http://www.audt.org